Sindhupati Maharaj Shree Chachdev (Record no. 184514)

MARC details
000 -LEADER
fixed length control field 00415nam a22001457a 4500
041 ## - LANGUAGE CODE
Language code of text/sound track or separate title eng
082 ## - DEWEY DECIMAL CLASSIFICATION NUMBER
Edition number 23rd ed.
Classification number H 891.433
Item number BHA
100 ## - MAIN ENTRY--AUTHOR NAME
Personal name Bhatt, Shyam Sundar
245 ## - TITLE STATEMENT
Title Sindhupati Maharaj Shree Chachdev
Statement of responsibility, etc by Shyam Sundar Bhatt
260 ## - PUBLICATION, DISTRIBUTION, ETC. (IMPRINT)
Place of publication Bhilwara
Name of publisher Shree Mahant Swami Hansram Udasi
Year of publication 2010
300 ## - PHYSICAL DESCRIPTION
Number of Pages xvi, 182p.;
Dimensions 22 cm.
650 ## - SUBJECT ADDED ENTRY--TOPICAL TERM
Topical Term Hindi fiction
942 ## - ADDED ENTRY ELEMENTS (KOHA)
Koha item type Books
Holdings
Withdrawn status Lost status Damaged status Collection code Home library Current library Shelving location Date acquired Full call number Accession Number Koha item type
      Gifts North Eastern Hill University North Eastern Hill University Hindi 02/03/2026 H 891.433 BHA 240021 Books